000 00470nam a2200193Ia 4500
003 OSt
005 20140403160247.0
008 140130s9999 xx 000 0 und d
020 _a0439692415
050 _aPZ 7
_b.M3567585Mf 2004
245 _cAnn M. Martin.
_aThe Meanest Doll In the World /
260 _bScholastic,
_c2004.
_aUSA :
300 _a260 p. :
_bill. ;
_c23 cm.
440 _v1
521 _aG4
526 _c690
942 _cBK
_2lcc
999 _c40986
_d40986